UNCTAD commodity yearbook 1994 (Record no. 40775)
[ view plain ]
| 000 -LEADER | |
|---|---|
| fixed length control field | 00267nam a2200097Ia 4500 |
| 082 ## - DEWEY DECIMAL CLASSIFICATION NUMBER | |
| Classification number | 330.133:339 |
| Item number | UNC |
| 245 #0 - TITLE STATEMENT | |
| Title | UNCTAD commodity yearbook 1994 |
| 260 ## - PUBLICATION, DISTRIBUTION, ETC. (IMPRINT) | |
| Place of publication | New York |
| Name of publisher | United Nations Publications |
| Year of publication | 1994 |
| 942 ## - ADDED ENTRY ELEMENTS (KOHA) | |
| Koha item type | Books |
| Withdrawn status | Lost status | Damaged status | Not for loan | Home library | Current library | Date acquired | Cost, normal purchase price | Full call number | Accession Number | Koha item type |
|---|---|---|---|---|---|---|---|---|---|---|
| RRII Library | RRII Library | 16/12/2021 | 70.00 | 330.133:339 UNC | 21070 | Books |